000 00332nam a22001337a 4500
008 180124b xxu||||| |||| 00| 0 eng d
020 _a9241800089
041 _aeng
080 _a61
100 _a3
101 _ashm
245 _aseventh general progarmme of work covering the period 1984-1989
_cjohn.p
942 _2udc
_cBK
999 _c40863
_d40863